00497 a2200157 450000100060000002000180000608200140002409000170003810000230005524500780007826000340015630000100019094200240020099900190022495200960024385382 a9781932099249 a297.4 GUL c40109d40108 aM. Fethullah Gulen aEmerald Hills of the Heart : Key Concepts in the Practice of Sufism Vol-1 aNew JersybTughra Booksc2011 axi188 acae nustk297.4 GUL c320455d320455 001040708NFICaCAEbCAEd2017-04-03l0o297.4 GULpCAEG-9553r2017-04-05w2017-04-05yBK